ՀՀ Գիտությունների ազգային ակադեմիայի հիմնարար գիտական գրադարան  =   Fundamental Scientific Library of NAS RA

Сифилитические галлюцинаторно-бредовые психозы / (Record no. 526260)

MARC details
000 -LEADER
fixed length control field 00629nam a22002057a 4500
003 - CONTROL NUMBER IDENTIFIER
control field AM-YEHGA
005 - DATE AND TIME OF LATEST TRANSACTION
control field 20250617164603.0
008 - FIXED-LENGTH DATA ELEMENTS--GENERAL INFORMATION
fixed length control field 221025b ||||| |||| 00| 0 rus d
040 ## - CATALOGING SOURCE
Original cataloging agency AM-YeHGA
041 0# - LANGUAGE CODE
Language code of text/sound track or separate title rus
001 - CONTROL NUMBER
control field 1865961
090 ## - LOCALLY ASSIGNED LC-TYPE CALL NUMBER (OCLC); LOCAL CALL NUMBER (RLIN)
-- 563845
100 1# - MAIN ENTRY--PERSONAL NAME
Personal name Тургиев, С. Б.
245 10 - TITLE STATEMENT
Title Сифилитические галлюцинаторно-бредовые психозы /
Statement of responsibility, etc. С. Б. Тургиев
260 ## - PUBLICATION, DISTRIBUTION, ETC.
Place of publication, distribution, etc. Орджоникидзе :
Name of publisher, distributor, etc. Б. и.,
Date of publication, distribution, etc. 1962
300 ## - PHYSICAL DESCRIPTION
Extent 155 с.
650 14 - SUBJECT ADDED ENTRY--TOPICAL TERM
Topical term or geographic name entry element Нейросифилис
650 14 - SUBJECT ADDED ENTRY--TOPICAL TERM
Topical term or geographic name entry element Сифилитические психозы
942 ## - ADDED ENTRY ELEMENTS (KOHA)
Source of classification or shelving scheme Universal Decimal Classification
Koha item type Գրքեր / Books
Holdings
Withdrawn status Lost status Damaged status Not for loan Collection Home library Current library Date acquired Total checkouts Full call number Barcode Date last seen Price effective from Koha item type Public note
        General Fundamental Scientific Library Fundamental Scientific Library 25/10/2022   РII/73595 FL0671321 25/10/2022 25/10/2022 Գրքեր / Books 30 Days Loan


ՀՀ ԳԱԱ հիմնարար գիտական գրադարան
ՀՀ,Երևան 0019
Մարշալ Բաղրամյան 24/6
հեռախոս:(374-10) 52-47-50
Հետադարձ կապ

All site content, except where otherwise noted, is licensed under a
Creative Commons License